Crear y resistir desde los movimientos sociales : (Registro nro. 3835)

Detalles MARC
000 -LEADER
fixed length control field 00955nam a2200217Ia 4500
003 - CONTROL NUMBER IDENTIFIER
control field OSt
005 - DATE AND TIME OF LATEST TRANSACTION
control field 20200422134732.0
008 - FIXED-LENGTH DATA ELEMENTS--GENERAL INFORMATION
fixed length control field 191128s2017 ck ao gr 000 0 spa d
020 ## - INTERNATIONAL STANDARD BOOK NUMBER
International Standard Book Number 9789585852259
082 04 - DEWEY DECIMAL CLASSIFICATION NUMBER
Classification number 303.660986 /
Item number P896c
100 1# - MAIN ENTRY--PERSONAL NAME
Personal name Prada Romero, Diana,
Relator term Revisión de texto
9 (RLIN) 3404
245 10 - TITLE STATEMENT
Title Crear y resistir desde los movimientos sociales :
Remainder of title sistematización de experiencias territoriales de paz /
Statement of responsibility, etc. revisión Diana Prada Romero.
260 ## - PUBLICATION, DISTRIBUTION, ETC.
Place of publication, distribution, etc. Bogotá :
Name of publisher, distributor, etc. Planeta Paz : OXFAM,
Date of publication, distribution, etc. 2017
300 ## - PHYSICAL DESCRIPTION
Extent 223 páginas :
Other physical details ilustraciones, fotografías ;
Dimensions 28 cm.
505 ## - FORMATTED CONTENTS NOTE
Formatted contents note Mujeres en tiempos de post-acuerdo -- Territorializar la paz: Una urgencia -- En busqueda de lo propio para construir paz territorial
650 14 - SUBJECT ADDED ENTRY--TOPICAL TERM
Topical term or geographic name entry element Proceso de paz
General subdivision Colombia
9 (RLIN) 3405
650 24 - SUBJECT ADDED ENTRY--TOPICAL TERM
Topical term or geographic name entry element Construcción de la paz
General subdivision Colombia
9 (RLIN) 3406
650 24 - SUBJECT ADDED ENTRY--TOPICAL TERM
Topical term or geographic name entry element Colombia Acuerdos de paz
General subdivision Colombia
9 (RLIN) 3407
650 24 - SUBJECT ADDED ENTRY--TOPICAL TERM
Topical term or geographic name entry element Colombia Movimientos sociales
9 (RLIN) 3408
942 ## - ADDED ENTRY ELEMENTS (KOHA)
Source of classification or shelving scheme Dewey Decimal Classification
Koha item type Books
Existencias
Withdrawn status Lost status Source of classification or shelving scheme Materials specified (bound volume or other part) Damaged status Not for loan Home library Current library Shelving location Date acquired Source of acquisition Cost, normal purchase price Total Checkouts Full call number Barcode Date last seen Copy number Price effective from Koha item type
    Dewey Decimal Classification Donación--15/12/2017--     Biblioteca Pública José María del Castillo y Rada Biblioteca Pública José María del Castillo y Rada General Stacks 11/28/2019 Donación 0.00   303.660986 / P896c 201808324 05/16/2024 Ej.1 11/28/2019 Books